Agrippina the Younger - Statistics

General Stats
  • This quiz has been taken 23 times
  • The average score is 11 of 15
Answer Stats
Hint Answer % Correct
Who was Agrippina's son? (Hint: the 5th emperor of Rome, 'fiddled while Rome burned') Nero
100%
Who was Agrippina's mother? Agrippina the Elder
93%
Which emperor was Agrippina's brother? Caligula
93%
Which emperor was Agrippina's uncle? Claudius
93%
Claudius
93%
Who was Agrippina's father? Germanicus
93%
How many attempts were there on Agrippina's life? 3
86%
What year was Agrippina born in? 15 CE
79%
Who were Agrippina's husbands? Gnaeus Domitius Ahenobarbus
79%
Which ex-wife of Claudius rivalled Agrippina to make her own son (Britannicus) heir to the throne, instead of Nero? Valeria Messalina
79%
What did Agrippina allegedly yell when about to be assassinated by troops? "Strike here!"
64%
Gaius Sallustius Passienus Crispus
57%
Which famous artefact depicts Agrippina the Younger and Claudius facing Agrippina the Elder and Germanicus? Gemma Claudia
57%
Which imperial freedman did Agrippina place under strict supervision, before he was either poisoned, or forced to commit suicide in 54 CE? Tiberius Claudius Narcissus
36%
Why could Agrippina not be assassinated by poison? She consumed antidotes every morning
29%
No matching quizzes found
Score Distribution
Percent of People with Each Score
Percentile by Number Answered
Your Score History
You have not taken this quiz